00965cam a22002771a 4500001001300000003000400013005001700017008004100034010001700075025002000092035002000112040002100132041001300153042001200166050002400178100002600202245004500228260007200273300005400345490004000399490002400439500006000463651005100523651004900574800006400623sa 67002696 DLC20260227112332.0850301s1959 io ab f000 0 eng  asa 67002696  aPL480:Indo-3981 a(OCoLC)11753254 aDLCcHUdHUdDLC1 aenghind apremarc00aDS644.2 1959b.S8850 aSoekarno,d1901-1970.10aMoluccas speeches of President Soekarno. aDjakarta :bMinistry of Information, Republic of Indonesia,c[1959] a69 p., [1] leaf of plates :bill., map. ;c21 cm.1 aPresident's speeches series ;v19590 aSpecial issue ;v34 a"Translations from the original version in Indonesian." 0aIndonesiaxPolitics and governmenty1950-1966. 0aMaluku (Indonesia)xPolitics and government.1 aSoekarno,d1901-1970.tPresident's speeches series ;v1959.